Profane death in burial practices of a pre-industrial society : a study from Silesia /
This title discusses phenomena characteristic of funeral practices of the pre-industrial society of Silesia (Poland). The author explores specific groups of people and the places they were interred, supplementing the study with analysis of the results of archaeological research, which mainly involve...
المؤلف الرئيسي:
التنسيق: كتاب الكتروني
اللغة: English
منشور في:
Summertown, Oxford :
Archaeopress Publishing Ltd,
2019.
الموضوعات:
الوصول للمادة أونلاين: Login to view Source
الوسوم: إضافة وسم
رقم الطلب: GT3271.P6
| LEADER | 01747nam a2200349 i 4500 | ||
|---|---|---|---|
| 001 | EDZ0002020023 | ||
| 003 | StDuBDS | ||
| 005 | 20230412182415.0 | ||
| 006 | m|||||o||d|||||||| | ||
| 007 | cr ||||||||||| | ||
| 008 | 181221s2019 enka fob 001|0|eng|d | ||
| 020 | |a 9781789690903 (ebook) : |c No price | ||
| 040 | |a StDuBDS |b eng |c StDuBDS |e rda |e pn | ||
| 050 | 4 | |a GT3271.P6 | |
| 082 | 0 | 4 | |a 393.094385 |2 23 |
| 100 | 1 | |a Duma, Paweł, |e author. | |
| 245 | 1 | 0 | |a Profane death in burial practices of a pre-industrial society : |b a study from Silesia / |c Paweł Duma. |
| 264 | 1 | |a Summertown, Oxford : |b Archaeopress Publishing Ltd, |c 2019. | |
| 300 | |a 1 online resource (vi, 122 pages) : |b illustrations (black and white, and colour) | ||
| 336 | |a text |2 rdacontent | ||
| 337 | |a computer |2 rdamedia | ||
| 338 | |a online resource |2 rdacarrier | ||
| 504 | |a Includes bibliographical references and index. | ||
| 520 | 8 | |a This title discusses phenomena characteristic of funeral practices of the pre-industrial society of Silesia (Poland). The author explores specific groups of people and the places they were interred, supplementing the study with analysis of the results of archaeological research, which mainly involved fieldwork carried out at former execution sites. | |
| 521 | |a Specialized. | ||
| 588 | |a Description based on online resource; title from home page (viewed on February 27, 2019). | ||
| 650 | 0 | |a Funeral rites and ceremonies |z Silesia. | |
| 776 | 0 | 8 | |i Print version : |z 9781789690897 |
| 856 | 4 | 0 | |3 Archaeopress |u http://library.arce.org:8087/Archaeopress/Products/9781789690897 |
| 942 | |2 lcc |c EBOOK | ||
| 952 | |0 0 |1 0 |4 0 |6 GT3271 P6 |7 1 |9 46494 |a ARCH |b ARCH |d 2023-04-12 |l 0 |o GT3271.P6 |r 2023-04-12 00:00:00 |w 2023-04-12 |y EBOOK | ||
| 999 | |c 52152 |d 52152 | ||
